000 00304nam a2200133 i 4500
001 bg
100 1 _aSOSZYŃSKA, Daniela
245 0 _aAlkohol a psychika /
_cD. Soszyńska.
260 _aWarszawa,
_c1969.
040 _cBPK
041 _apol
942 _cKS
008 s pl f |000 0 pol
999 _c21377
_d21377
856 _uhttp://koha.tu.koszalin.pl/cgi-bin/koha/opac-detail.pl?biblionumber=21377
_yKatalog online BPK